000 01318nam0a22003011 4500
001 rc\4182835
005 20260408073053.0
021 _aRU
_b[48-21494]
035 _a(NLR Aleph) 008191172
090 _a7976791
_c7976791
100 _a20130415d1947 |||y0rusy50 ca
101 0 _arus
102 _aRU
105 _aa z |||||
200 1 _aТиповой проект сельского отделения связи
_eКаменный вариант
_eФронтальное решение
_eТип-5
_fМ-во связи СССР
210 _a[Москва
_cСвязьиздат]
_d[1947]
_gтиполит. "Рекламфильм"
215 _a1 л.
_cчерт.
_d92х64
300 _aАвт. проекта: архитекторы А.М. Крылов, Ю.А. Телепнев
300 _aЛитогр. изд.
606 _aПочтовые здания, сельские
_jПроекты и чертежи
_2psbo
701 1 _aТелепнев
_bЮ.А.
701 1 _aКрылов
_bА.М.
_cархитектор
_f1901-1978
_gАлександр Михайлович
_9193610
_3RU\NLR\AUTH\770193661
712 0 1 _aСССР
_bМинистерство связи
_3RU\NLR\AUTH\8810063633
_9628877
801 0 _aRU
_bNLR
_gpsbo
801 1 _aRU
_bELAR
_2rusmarc
852 _aNLR
_jТ80 Г-9/92
942 _cBOOK
980 _aNB